[Event "Liga Madrileña - DH 2017-2018"]
[Site "Madrid ESP"]
[Date "2018.03.04"]
[Round "12.11"]
[White "Pulvett Marin, Daniel"]
[Black "Vazquez Igarza, Renier"]
[Result "0-1"]
[WhiteElo "2459"]
[BlackElo "2559"]
[PlyCount "106"]
[EventDate "2017.11.19"]
[EventType "team-tourn"]
[EventRounds "14"]
[EventCountry "ESP"]
[SourceTitle "Ajedrez en Madrid"]
[Source "lmi"]
[SourceDate "2017.11.19"]
[WhiteTeam "Alcorcon"]
[BlackTeam "Collado Villalba"]
[WhiteTeamCountry "ESP"]
[BlackTeamCountry "ESP"]

1. e4 c5 2. Nf3 d6 3. d4 cxd4 4. Nxd4 Nf6 5. Nc3 a6 6. Bc4 e6 7. Bb3 Nbd7 8.
O-O Nc5 9. Qe2 Be7 10. f4 O-O 11. Kh1 Qb6 12. e5 Nxb3 13. Nxb3 Nd7 14. exd6
Qxd6 15. Be3 Nf6 16. f5 Qe5 17. Qd3 Rd8 18. Bd4 Qc7 19. Qe2 exf5 20. Be5 Qb6
21. Nd4 Ng4 22. Nxf5 Bxf5 23. Rxf5 Nxe5 24. Qxe5 Bf6 25. Nd5 Bxe5 26. Nxb6 Bxb2
27. Raf1 Rab8 28. Rxf7 Bd4 29. Nc4 Bf6 30. Rc7 Rbc8 31. Rxc8 Rxc8 32. Ne3 Bg5
33. Nf5 Rxc2 34. h4 Bf6 35. Nh6+ Kf8 36. Ng4 Ke7 37. Nxf6 gxf6 38. Rb1 b5 39.
a4 bxa4 40. Rb6 a5 41. Rb5 a3 42. Rxa5 a2 43. Kh2 Kd6 44. Kg3 Kc6 45. Kf3 Kb6
46. Ra8 Kb5 47. Ke3 Kb4 48. g4 Kc3 49. g5 fxg5 50. hxg5 Kb2 51. Rb8+ Kc1 52.
Ra8 Kb1 53. Kd3 Rb2 0-1

[Event "Liga Madrileña - DH 2017-2018"]
[Site "Madrid ESP"]
[Date "2018.03.04"]
[Round "12.12"]
[White "Moreno Ruiz, Javier"]
[Black "Vallejo Diaz, Jesus"]
[Result "1-0"]
[WhiteElo "2450"]
[BlackElo "2232"]
[PlyCount "55"]
[EventDate "2017.11.19"]
[EventType "team-tourn"]
[EventRounds "14"]
[EventCountry "ESP"]
[SourceTitle "Ajedrez en Madrid"]
[Source "lmi"]
[SourceDate "2017.11.19"]
[WhiteTeam "Collado Villalba"]
[BlackTeam "Alcorcon"]
[WhiteTeamCountry "ESP"]
[BlackTeamCountry "ESP"]

1. c4 Nf6 2. g3 e5 3. Bg2 Be7 4. Nc3 O-O 5. Nf3 d6 6. d4 Nbd7 7. O-O c6 8. e4
a5 9. h3 exd4 10. Nxd4 Nb6 11. b3 d5 12. cxd5 cxd5 13. e5 Ne4 14. Nxe4 dxe4 15.
Bb2 f5 16. Qe2 Bc5 17. Rfd1 Qe7 18. Rac1 Rd8 19. g4 fxg4 20. hxg4 e3 21. fxe3
Qxe5 22. Nf5 Rxd1+ 23. Qxd1 Qxb2 24. Qd8+ Kf7 25. Rxc5 Qb1+ 26. Kh2 Bxf5 27.
Qxb6 Be4 28. Rc7+ 1-0

[Event "Liga Madrileña - DH 2017-2018"]
[Site "Madrid ESP"]
[Date "2018.03.04"]
[Round "12.13"]
[White "Aguilera Lopez, Alejandro"]
[Black "Rodriguez Cespedes, Amador"]
[Result "0-1"]
[WhiteElo "2106"]
[BlackElo "2403"]
[PlyCount "104"]
[EventDate "2017.11.19"]
[EventType "team-tourn"]
[EventRounds "14"]
[EventCountry "ESP"]
[SourceTitle "Ajedrez en Madrid"]
[Source "lmi"]
[SourceDate "2017.11.19"]
[WhiteTeam "Alcorcon"]
[BlackTeam "Collado Villalba"]
[WhiteTeamCountry "ESP"]
[BlackTeamCountry "ESP"]

1. d4 Nf6 2. Nf3 e6 3. e3 b6 4. Bd3 Bb7 5. Nbd2 c5 6. O-O d6 7. b3 Nbd7 8. Bb2
Be7 9. Qe2 O-O 10. Rad1 Qc7 11. c4 Rad8 12. Rfe1 Rfe8 13. Bb1 Bf8 14. e4 cxd4
15. Nxd4 Qb8 16. Nf1 a6 17. h3 g6 18. Qe3 Bg7 19. Ne2 Nc5 20. e5 dxe5 21. Bxe5
Qc8 22. f3 Rxd1 23. Rxd1 Rd8 24. Rxd8+ Qxd8 25. b4 Ncd7 26. Bd4 Qc7 27. Nd2 e5
28. Bb2 Ne8 29. a3 Nd6 30. Ba2 Nf5 31. Qd3 h5 32. Ne4 h4 33. Kh1 Nf6 34. c5
Nxe4 35. fxe4 Nd4 36. cxb6 Qxb6 37. Nc3 Qf6 38. Nd5 Qf2 39. Bxd4 exd4 40. Bc4
Be5 41. Qf3 Qe1+ 42. Bf1 Kg7 43. Kg1 Bc6 44. Qe2 Qg3 45. Qxa6 Bxd5 46. exd5
Qe3+ 47. Kh1 Qg3 48. Kg1 Qe3+ 49. Kh1 Qf4 50. Kg1 d3 51. Qxd3 Bd4+ 52. Kh1 Qf2
0-1

[Event "Liga Madrileña - DH 2017-2018"]
[Site "Madrid ESP"]
[Date "2018.03.04"]
[Round "12.14"]
[White "Martin Duque, Jesus"]
[Black "Prieto Martin, Alfonso"]
[Result "1-0"]
[WhiteElo "2345"]
[BlackElo "2204"]
[PlyCount "83"]
[EventDate "2017.11.19"]
[EventType "team-tourn"]
[EventRounds "14"]
[EventCountry "ESP"]
[SourceTitle "Ajedrez en Madrid"]
[Source "lmi"]
[SourceDate "2017.11.19"]
[WhiteTeam "Collado Villalba"]
[BlackTeam "Alcorcon"]
[WhiteTeamCountry "ESP"]
[BlackTeamCountry "ESP"]

1. e4 c5 2. Nf3 e6 3. d4 cxd4 4. Nxd4 Nf6 5. Nc3 Nc6 6. Ndb5 Bb4 7. a3 Bxc3+ 8.
Nxc3 d5 9. exd5 exd5 10. Bd3 O-O 11. O-O d4 12. Ne2 Bg4 13. Bg5 Re8 14. Bh4 Qd6
15. Bg3 Qd7 16. Re1 Rad8 17. Qd2 Ne5 18. Bxe5 Rxe5 19. Ng3 Rde8 20. h3 Bh5 21.
Rxe5 Rxe5 22. Re1 Qe7 23. Rxe5 Qxe5 24. Qb4 Bg6 25. Qxb7 h6 26. Qxa7 Bxd3 27.
cxd3 Nd5 28. Qa5 Kh7 29. a4 Qg5 30. Qe1 g6 31. Ne4 Qe7 32. Qa5 Nf4 33. Qd2 g5
34. a5 Qb7 35. f3 Qb5 36. h4 Nxd3 37. hxg5 Nxb2 38. gxh6 Nd3 39. Qg5 Qxg5 40.
Nxg5+ Kxh6 41. Nxf7+ Kg7 42. a6 1-0

[Event "Liga Madrileña - DH 2017-2018"]
[Site "Madrid ESP"]
[Date "2018.03.04"]
[Round "12.15"]
[White "Ramos del Campo, Alexander"]
[Black "Ortega Ruiz, Jose Miguel"]
[Result "0-1"]
[WhiteElo "2154"]
[BlackElo "2303"]
[PlyCount "88"]
[EventDate "2017.11.19"]
[EventType "team-tourn"]
[EventRounds "14"]
[EventCountry "ESP"]
[SourceTitle "Ajedrez en Madrid"]
[Source "lmi"]
[SourceDate "2017.11.19"]
[WhiteTeam "Alcorcon"]
[BlackTeam "Collado Villalba"]
[WhiteTeamCountry "ESP"]
[BlackTeamCountry "ESP"]

1. e4 e5 2. Nf3 Nc6 3. Bc4 Nf6 4. d3 Be7 5. O-O O-O 6. Re1 d6 7. c3 Na5 8. Bb5
a6 9. Ba4 b5 10. Bc2 c5 11. Nbd2 Be6 12. Nf1 Qc7 13. Bg5 Nc6 14. Ne3 h6 15.
Bxf6 Bxf6 16. Bb3 Rad8 17. a4 b4 18. Nd5 Bxd5 19. Bxd5 bxc3 20. bxc3 Ne7 21. c4
Rb8 22. Qc2 Rb4 23. Reb1 Rfb8 24. Rxb4 cxb4 25. Qb3 Ng6 26. a5 Qc5 27. g3 Nf8
28. Ra4 Bd8 29. Nd2 Nd7 30. Qb1 Bg5 31. Nb3 Qa7 32. h4 Bd8 33. Nc1 Qc5 34. Nb3
Qc8 35. Nc1 b3 36. Nxb3 Nc5 37. Ra3 Bxa5 38. Qd1 Bb4 39. Ra2 Nxb3 40. Qxb3 Bc5
41. Qd1 Qh3 42. d4 Bxd4 43. Ra3 Rb2 44. Qf1 Bxf2+ 0-1

[Event "Liga Madrileña - DH 2017-2018"]
[Site "Madrid ESP"]
[Date "2018.03.04"]
[Round "12.16"]
[White "Pastor Alonso de Prado, Emilio Alberto"]
[Black "Angelina Vela, Carlos"]
[Result "1-0"]
[WhiteElo "2203"]
[BlackElo "2105"]
[PlyCount "123"]
[EventDate "2017.11.19"]
[EventType "team-tourn"]
[EventRounds "14"]
[EventCountry "ESP"]
[SourceTitle "Ajedrez en Madrid"]
[Source "lmi"]
[SourceDate "2017.11.19"]
[WhiteTeam "Collado Villalba"]
[BlackTeam "Alcorcon"]
[WhiteTeamCountry "ESP"]
[BlackTeamCountry "ESP"]

1. e4 c6 2. d4 d5 3. exd5 cxd5 4. c4 e6 5. Nf3 Nf6 6. Nc3 Bb4 7. Qb3 Nc6 8. Be2
O-O 9. O-O dxc4 10. Qxc4 Be7 11. Rd1 Nb4 12. Ne5 a6 13. Bf3 Nbd5 14. Qb3 h6 15.
Bd2 Qd6 16. Rac1 Bd7 17. Nxd5 exd5 18. Bf4 Rfe8 19. Qxb7 Be6 20. Nd3 Qd8 21.
Bc7 Qd7 22. Qb6 Qb5 23. b3 Ba3 24. Rc6 Bd7 25. Qxb5 axb5 26. Rb6 Ne4 27. g4 Nc3
28. Rd2 Be7 29. Rc2 Nxa2 30. Bxd5 Ra7 31. Bb8 Ra3 32. Ne5 Be6 33. Bxe6 fxe6 34.
Rxe6 Nb4 35. Rc7 Ra1+ 36. Kg2 Nd5 37. Kf3 Nxc7 38. Bxc7 Raa8 39. Ke4 Bf6 40.
Rb6 Rac8 41. Bd6 Rcd8 42. Bc7 Rc8 43. Bd6 Rcd8 44. f4 Bxe5 45. Bxe5 Rd7 46.
Rxb5 Kf7 47. f5 Rc8 48. Rb6 Rc1 49. Rg6 Kf8 50. Bd6+ Kf7 51. b4 Rb7 52. Bc5 h5
53. d5 hxg4 54. d6 Re1+ 55. Kd5 Rf1 56. Kc6 Rb8 57. Kc7 Rh8 58. d7 Rxf5 59.
Rxg4 Rd5 60. Rd4 Rxd4 61. Bxd4 Ke7 62. Bc5+ 1-0

[Event "Liga Madrileña - DH 2017-2018"]
[Site "Madrid ESP"]
[Date "2018.03.03"]
[Round "12.21"]
[White "Martinez Reyes, Pedro Ramon"]
[Black "Lianes Garcia, Marcos"]
[Result "1/2-1/2"]
[WhiteElo "2413"]
[BlackElo "2349"]
[PlyCount "37"]
[EventDate "2017.11.19"]
[EventType "team-tourn"]
[EventRounds "14"]
[EventCountry "ESP"]
[SourceTitle "Ajedrez en Madrid"]
[Source "lmi"]
[SourceDate "2017.11.19"]
[WhiteTeam "Blanco y Negro"]
[BlackTeam "Villaverde"]
[WhiteTeamCountry "ESP"]
[BlackTeamCountry "ESP"]

1. c4 Nf6 2. Nf3 e6 3. g3 d5 4. Bg2 c5 5. cxd5 exd5 6. d4 Nc6 7. O-O Be7 8. Nc3
O-O 9. dxc5 d4 10. Na4 Ne4 11. a3 Bf5 12. Bd2 Nxc5 13. Nxc5 Bxc5 14. b4 Bb6 15.
b5 Ne7 16. Nh4 Bc8 17. Qb3 Be6 18. Qd3 Qd7 19. Rfc1 1/2-1/2

[Event "Liga Madrileña - DH 2017-2018"]
[Site "Madrid ESP"]
[Date "2018.03.03"]
[Round "12.22"]
[White "Quispe Artega, Gabriel"]
[Black "Bolado Saez, Sergio"]
[Result "1/2-1/2"]
[WhiteElo "2285"]
[BlackElo "2367"]
[PlyCount "57"]
[EventDate "2017.11.19"]
[EventType "team-tourn"]
[EventRounds "14"]
[EventCountry "ESP"]
[SourceTitle "Ajedrez en Madrid"]
[Source "lmi"]
[SourceDate "2017.11.19"]
[WhiteTeam "Villaverde"]
[BlackTeam "Blanco y Negro"]
[WhiteTeamCountry "ESP"]
[BlackTeamCountry "ESP"]

1. Nf3 c5 2. g3 g6 3. Bg2 Bg7 4. d4 cxd4 5. Nxd4 Nc6 6. Nxc6 bxc6 7. O-O Rb8 8.
c3 Nf6 9. Qa4 Qc7 10. Nd2 O-O 11. Nb3 c5 12. Qa5 Qxa5 13. Nxa5 Ba6 14. Re1 Rfc8
15. e4 c4 16. Bf1 d5 17. exd5 Nxd5 18. Nb3 Rb6 19. Nd4 e6 20. Bg2 Bxd4 21. Bxd5
Bxf2+ 22. Kxf2 exd5 23. Re7 h5 24. Be3 Rxb2+ 25. Kg1 Re2 26. Kf1 Rb2 27. Kg1
Re2 28. Kf1 Rb2 29. Kg1 1/2-1/2

[Event "Liga Madrileña - DH 2017-2018"]
[Site "Madrid ESP"]
[Date "2018.03.03"]
[Round "12.23"]
[White "Taboas Rodriguez, Daniel"]
[Black "Iagar, Razvan Gabriel"]
[Result "1-0"]
[WhiteElo "2364"]
[BlackElo "2197"]
[PlyCount "95"]
[EventDate "2017.11.19"]
[EventType "team-tourn"]
[EventRounds "14"]
[EventCountry "ESP"]
[SourceTitle "Ajedrez en Madrid"]
[Source "lmi"]
[SourceDate "2017.11.19"]
[WhiteTeam "Blanco y Negro"]
[BlackTeam "Villaverde"]
[WhiteTeamCountry "ESP"]
[BlackTeamCountry "ESP"]

1. d4 d5 2. Nf3 Nf6 3. c4 c6 4. cxd5 cxd5 5. Nc3 Nc6 6. Bf4 Bf5 7. e3 e6 8. Qb3
Bb4 9. Bb5 Qa5 10. O-O O-O 11. Bxc6 bxc6 12. Rfc1 Rfc8 13. Nh4 Be4 14. f3 Bg6
15. a3 Bf8 16. Nxg6 hxg6 17. Qc2 c5 18. dxc5 Qxc5 19. Qd2 Qb6 20. Ne2 Bd6 21.
Bxd6 Qxd6 22. Rc3 Qa6 23. Rac1 Rxc3 24. Rxc3 Rc8 25. Kf2 Ne8 26. Rxc8 Qxc8 27.
Qc3 Qxc3 28. Nxc3 Nd6 29. b4 Kf8 30. Ke2 Ke7 31. Kd3 Kd7 32. e4 dxe4+ 33. Nxe4
Nf5 34. g3 e5 35. a4 Kc6 36. f4 exf4 37. gxf4 Ne7 38. Kc4 Nf5 39. b5+ Kb6 40.
Kb4 Ne3 41. a5+ Kc7 42. Kc5 Ng2 43. b6+ axb6+ 44. axb6+ Kd7 45. Kb5 Nxf4 46. b7
Kc7 47. Ka6 Kb8 48. Nc5 1-0

[Event "Liga Madrileña - DH 2017-2018"]
[Site "Madrid ESP"]
[Date "2018.03.03"]
[Round "12.24"]
[White "Lopez Andujar Ocaña, Antonio"]
[Black "Renteria Becerra, Jorge Elicer"]
[Result "1-0"]
[WhiteElo "2069"]
[BlackElo "2292"]
[PlyCount "87"]
[EventDate "2017.11.19"]
[EventType "team-tourn"]
[EventRounds "14"]
[EventCountry "ESP"]
[SourceTitle "Ajedrez en Madrid"]
[Source "lmi"]
[SourceDate "2017.11.19"]
[WhiteTeam "Villaverde"]
[BlackTeam "Blanco y Negro"]
[WhiteTeamCountry "ESP"]
[BlackTeamCountry "ESP"]

1. c4 Nf6 2. Nc3 g6 3. g3 Bg7 4. Bg2 O-O 5. d3 c5 6. e4 d6 7. Nge2 Nc6 8. O-O
Rb8 9. h3 a6 10. Be3 b5 11. Rb1 Qa5 12. f4 Bd7 13. Qd2 b4 14. Nd5 Nxd5 15. exd5
Nd4 16. Nxd4 cxd4 17. Bf2 e5 18. dxe6 Bxe6 19. b3 h5 20. Rfe1 Qc5 21. Kh2 a5
22. Qe2 a4 23. Be4 axb3 24. axb3 d5 25. Bxg6 dxc4 26. bxc4 Bxc4 27. Be4 Be6 28.
f5 Bd5 29. f6 Bxf6 30. Qxh5 Rfd8 31. Rbc1 Qb5 32. Rc7 Be6 33. Qh7+ Kf8 34. Bg6
Rd7 35. Rxe6 Rxc7 36. Rxf6 Qd5 37. Qh8+ Ke7 38. Rxf7+ Qxf7 39. Qe5+ Qe6 40.
Qxc7+ Kf6 41. Qxb8 Qe2 42. Qd6+ Kg7 43. Qxd4+ Kh6 44. Qe3+ 1-0

[Event "Liga Madrileña - DH 2017-2018"]
[Site "Madrid ESP"]
[Date "2018.03.03"]
[Round "12.25"]
[White "Alarcia Astiz, Carlos"]
[Black "Martin Rodriguez, Emilio"]
[Result "1-0"]
[WhiteElo "2274"]
[BlackElo "1991"]
[PlyCount "105"]
[EventDate "2017.11.19"]
[EventType "team-tourn"]
[EventRounds "14"]
[EventCountry "ESP"]
[SourceTitle "Ajedrez en Madrid"]
[Source "lmi"]
[SourceDate "2017.11.19"]
[WhiteTeam "Blanco y Negro"]
[BlackTeam "Villaverde"]
[WhiteTeamCountry "ESP"]
[BlackTeamCountry "ESP"]

1. e4 c6 2. d4 d5 3. Nd2 dxe4 4. Nxe4 Nd7 5. Nf3 Ngf6 6. Ng3 e6 7. c4 c5 8. Be2
cxd4 9. Nxd4 Bb4+ 10. Bd2 Qa5 11. Nb5 Bxd2+ 12. Qxd2 Qxd2+ 13. Kxd2 O-O 14. b4
Ne5 15. f3 Bd7 16. a4 a5 17. Kc3 Nc6 18. bxa5 Rxa5 19. Rhd1 Rfa8 20. Kb3 Ne7
21. Nh5 Bc6 22. Nxf6+ gxf6 23. Bd3 f5 24. Bc2 Kf8 25. Kb2 Ng6 26. Rd4 Ke7 27.
Re1 Bxb5 28. cxb5 Rd8 29. Red1 Raa8 30. Kb3 b6 31. g3 Ne5 32. Rxd8 Rxd8 33.
Rxd8 Kxd8 34. Bd1 Ke7 35. Be2 Kd6 36. Kb4 Nd7 37. f4 f6 38. Bd3 Kd5 39. Bc4+
Kd6 40. a5 bxa5+ 41. Kxa5 e5 42. Kb4 h6 43. Bd3 e4 44. Bf1 Nb6 45. Bh3 Nd5+ 46.
Kc4 Ne7 47. Kd4 Ke6 48. Kc5 Nd5 49. b6 Nxb6 50. Kxb6 e3 51. Bf1 Kd5 52. Kc7 Ke4
53. Be2 1-0

[Event "Liga Madrileña - DH 2017-2018"]
[Site "Madrid ESP"]
[Date "2018.03.03"]
[Round "12.26"]
[White "Vazquez Gonzalez, Jesus"]
[Black "Shen, Yue"]
[Result "1/2-1/2"]
[WhiteElo "2004"]
[BlackElo "2277"]
[PlyCount "63"]
[EventDate "2017.11.19"]
[EventType "team-tourn"]
[EventRounds "14"]
[EventCountry "ESP"]
[SourceTitle "Ajedrez en Madrid"]
[Source "lmi"]
[SourceDate "2017.11.19"]
[WhiteTeam "Villaverde"]
[BlackTeam "Blanco y Negro"]
[WhiteTeamCountry "ESP"]
[BlackTeamCountry "ESP"]

1. c4 c6 2. g3 d5 3. cxd5 cxd5 4. Bg2 Nf6 5. d4 Bf5 6. Nc3 e6 7. Nf3 Be7 8. O-O
O-O 9. Nh4 Bg6 10. Nxg6 hxg6 11. Qb3 Qd7 12. e4 dxe4 13. Nxe4 Nc6 14. Nc5 Qxd4
15. Be3 Qb4 16. Nxb7 Qxb3 17. axb3 Nb4 18. Bxa7 Rfc8 19. Ra4 Nfd5 20. Bd4 Rab8
21. Na5 Rb5 22. Rd1 Nc2 23. Rc4 Rxc4 24. bxc4 Rxa5 25. cxd5 Nxd4 26. Rxd4 Ra1+
27. Bf1 Bf6 28. Rd2 exd5 29. Rxd5 Bxb2 30. Kg2 Ra7 31. Bc4 Kf8 32. Rd2 1/2-1/2

[Event "Liga Madrileña - DH 2017-2018"]
[Site "Madrid ESP"]
[Date "2018.03.04"]
[Round "12.31"]
[White "Almagro Llamas, Pablo"]
[Black "Moreno Trujillo, Alejandro"]
[Result "1/2-1/2"]
[WhiteElo "2454"]
[BlackElo "2494"]
[PlyCount "167"]
[EventDate "2017.11.19"]
[EventType "team-tourn"]
[EventRounds "14"]
[EventCountry "ESP"]
[SourceTitle "Ajedrez en Madrid"]
[Source "lmi"]
[SourceDate "2017.11.19"]
[WhiteTeam "Virgen de Atocha"]
[BlackTeam "64 Villalba"]
[WhiteTeamCountry "ESP"]
[BlackTeamCountry "ESP"]

1. d4 Nf6 2. c4 e6 3. Nf3 d5 4. Nc3 c6 5. Bg5 h6 6. Bxf6 Qxf6 7. e3 g6 8. Qc2
Nd7 9. a3 Bg7 10. Be2 O-O 11. O-O Qe7 12. Rac1 dxc4 13. Bxc4 b6 14. Rfd1 Bb7
15. Qe2 Rab8 16. e4 Rfe8 17. b3 Rbd8 18. b4 c5 19. Nb5 cxd4 20. Nxa7 Bxe4 21.
Nxd4 Bxd4 22. Qxe4 Nf6 23. Qh4 Qxa7 24. Rxd4 Kg7 25. Rxd8 Rxd8 26. Qg3 Rc8 27.
Qe3 Qc7 28. Rc2 Rd8 29. Rc1 Rc8 30. Rc2 Rd8 31. Rc1 Qd6 32. Qc3 Rc8 33. Qa1 Qf4
34. g3 Qc7 35. Rc2 Qd6 36. Bb3 Rd8 37. Rc1 Qe7 38. Qc3 Rd6 39. a4 e5 40. Re1
Nd7 41. a5 bxa5 42. bxa5 Rf6 43. Bd5 Qd6 44. Bg2 Qb8 45. Ra1 Qa7 46. Qe3 Qxe3
47. fxe3 Nc5 48. Bf1 Na6 49. Bxa6 Rxa6 50. Kf2 Kf6 51. Ke2 Ke6 52. Kd3 Kd5 53.
g4 e4+ 54. Kc3 Kc5 55. h4 Kb5 56. Kd4 Rd6+ 57. Kxe4 Re6+ 58. Kf3 Rf6+ 59. Ke4
Re6+ 60. Kd5 Ka6 61. e4 Rf6 62. Ke5 Re6+ 63. Kf4 Rf6+ 64. Ke3 Re6 65. g5 hxg5
66. hxg5 Re5 67. Kf4 Re7 68. e5 Rc7 69. Ke4 Rc4+ 70. Kd5 Rf4 71. Rb1 Kxa5 72.
Rb8 Rf5 73. Rf8 Kb6 74. Kd6 Kb5 75. Kd5 Kb4 76. Kd4 Kb3 77. e6 fxe6 78. Re8
Rxg5 79. Rxe6 Rg1 80. Rc6 g5 81. Ke3 Rf1 82. Rg6 Rf5 83. Ke4 Rc5 84. Kf3
1/2-1/2

[Event "Liga Madrileña - DH 2017-2018"]
[Site "Madrid ESP"]
[Date "2018.03.04"]
[Round "12.32"]
[White "Garrido Dominguez, Jesus"]
[Black "Espinosa Aranda, Angel"]
[Result "0-1"]
[WhiteElo "2399"]
[BlackElo "2472"]
[PlyCount "102"]
[EventDate "2017.11.19"]
[EventType "team-tourn"]
[EventRounds "14"]
[EventCountry "ESP"]
[SourceTitle "Ajedrez en Madrid"]
[Source "lmi"]
[SourceDate "2017.11.19"]
[WhiteTeam "64 Villalba"]
[BlackTeam "Virgen de Atocha"]
[WhiteTeamCountry "ESP"]
[BlackTeamCountry "ESP"]

1. e4 c5 2. Nf3 Nc6 3. d4 cxd4 4. Nxd4 Nf6 5. Nc3 d6 6. Bg5 e6 7. Qd2 Qb6 8.
O-O-O Qxd4 9. Qxd4 Nxd4 10. Rxd4 a6 11. Be2 Bd7 12. f4 Bc6 13. Bf3 Nd7 14. Kb1
h6 15. Bh4 g5 16. fxg5 Be7 17. Bg3 hxg5 18. Bxd6 Bxd6 19. Rxd6 Ke7 20. Rdd1 Ne5
21. h3 Nxf3 22. gxf3 Rh4 23. Ne2 Rah8 24. Rhg1 Rxh3 25. Nd4 R8h5 26. Kc1 Bd7
27. Rd3 e5 28. Nb3 Rh1 29. Rxh1 Rxh1+ 30. Kd2 Bb5 31. Re3 Rh2+ 32. Kd1 f5 33.
exf5 Kf6 34. Nc5 Kxf5 35. a4 Bf1 36. b3 Kf4 37. Re4+ Kxf3 38. Rxe5 Kf4 39. Re4+
Kf5 40. Re7 Bg2 41. Rf7+ Kg6 42. Rf2 g4 43. Ne6 Bf3+ 44. Ke1 Rh1+ 45. Kd2 Rd1+
46. Kc3 Kf5 47. Nc5 Kf4 48. Rd2 g3 49. Nd3+ Ke3 50. Rxd1 Bxd1 51. Ne1 Bf3 0-1

[Event "Liga Madrileña - DH 2017-2018"]
[Site "Madrid ESP"]
[Date "2018.03.04"]
[Round "12.33"]
[White "Plazuelo Pascual, Juan"]
[Black "Ruperez Benito, Antonio"]
[Result "1-0"]
[WhiteElo "2330"]
[BlackElo "2339"]
[PlyCount "111"]
[EventDate "2017.11.19"]
[EventType "team-tourn"]
[EventRounds "14"]
[EventCountry "ESP"]
[SourceTitle "Ajedrez en Madrid"]
[Source "lmi"]
[SourceDate "2017.11.19"]
[WhiteTeam "Virgen de Atocha"]
[BlackTeam "64 Villalba"]
[WhiteTeamCountry "ESP"]
[BlackTeamCountry "ESP"]

1. d4 d5 2. c4 e6 3. Nc3 Nf6 4. Bf4 Be7 5. e3 Nbd7 6. a3 O-O 7. Nb5 Ne8 8. Nf3
a6 9. Nc3 Nef6 10. cxd5 exd5 11. Bd3 Re8 12. O-O Nf8 13. h3 Ng6 14. Be5 c6 15.
Qc2 Bd6 16. Bxd6 Qxd6 17. b4 Be6 18. Na4 Nd7 19. Nc5 b6 20. Nb3 Red8 21. Rfc1
Ngf8 22. Qd2 Ng6 23. a4 Ne7 24. Ra2 Bf5 25. Bxf5 Nxf5 26. Rac2 Ne7 27. a5 Rab8
28. axb6 Nxb6 29. Nc5 Nc4 30. Qc3 Rb6 31. Nd2 Nxd2 32. Qxd2 Rdb8 33. Ra2 Qd8
34. Nxa6 Ra8 35. Rca1 Nf5 36. Nc5 Rab8 37. Nd3 Qg5 38. Qe2 h5 39. Ra7 Nh4 40.
g3 Nf5 41. Qf3 R6b7 42. Rxb7 Rxb7 43. Ra6 h4 44. g4 Ne7 45. Ra8+ Kh7 46. Qxf7
c5 47. dxc5 d4 48. exd4 Rd7 49. f4 Qd5 50. Qxd5 Rxd5 51. b5 Rxd4 52. Ra3 Rc4
53. b6 Nc6 54. b7 Rc2 55. Rb3 Rd2 56. Ne5 1-0

[Event "Liga Madrileña - DH 2017-2018"]
[Site "Madrid ESP"]
[Date "2018.03.04"]
[Round "12.34"]
[White "Longa Yauca, Javier"]
[Black "Rabadan Velasco, Raul"]
[Result "1-0"]
[WhiteElo "2217"]
[BlackElo "2194"]
[PlyCount "91"]
[EventDate "2017.11.19"]
[EventType "team-tourn"]
[EventRounds "14"]
[EventCountry "ESP"]
[SourceTitle "Ajedrez en Madrid"]
[Source "lmi"]
[SourceDate "2017.11.19"]
[WhiteTeam "64 Villalba"]
[BlackTeam "Virgen de Atocha"]
[WhiteTeamCountry "ESP"]
[BlackTeamCountry "ESP"]

1. d4 d6 2. Nf3 f5 3. Bg5 h6 4. Bd2 g5 5. e3 Nf6 6. Bc4 e6 7. Bb3 Qe7 8. O-O
Nc6 9. c4 g4 10. Ne1 Bd7 11. Nd3 Ne4 12. Nf4 Qg7 13. Nc3 Nxd2 14. Qxd2 e5 15.
Nfd5 O-O-O 16. Nb5 exd4 17. Nbxc7 dxe3 18. fxe3 Qe5 19. Ba4 Kb8 20. b4 Rc8 21.
b5 Ne7 22. b6 Nxd5 23. bxa7+ Kxc7 24. cxd5 Bxa4 25. Qa5+ Kd7 26. Qxa4+ Ke7 27.
a8=Q Rxa8 28. Qxa8 Qxd5 29. Rab1 Bg7 30. Qxb7+ Qxb7 31. Rxb7+ Kf6 32. Rd7 Ra8
33. Rxd6+ Ke5 34. Rd2 h5 35. Rb1 Ke4 36. Kf2 Ra4 37. Rb3 h4 38. Ke2 h3 39. gxh3
gxh3 40. a3 Be5 41. Rb4+ Rxb4 42. axb4 Bxh2 43. Rd4+ Ke5 44. Rh4 Kd5 45. Rxh3
Bd6 46. Rh4 1-0

[Event "Liga Madrileña - DH 2017-2018"]
[Site "Madrid ESP"]
[Date "2018.03.04"]
[Round "12.36"]
[White "Gimenez Menchon, Cesar"]
[Black "Rodrigo Yanguas, Maria"]
[Result "1-0"]
[WhiteElo "2179"]
[BlackElo "2054"]
[PlyCount "101"]
[EventDate "2017.11.19"]
[EventType "team-tourn"]
[EventRounds "14"]
[EventCountry "ESP"]
[SourceTitle "Ajedrez en Madrid"]
[Source "lmi"]
[SourceDate "2017.11.19"]
[WhiteTeam "64 Villalba"]
[BlackTeam "Virgen de Atocha"]
[WhiteTeamCountry "ESP"]
[BlackTeamCountry "ESP"]

1. e4 c5 2. Nc3 Nc6 3. Bb5 g6 4. Bxc6 dxc6 5. d3 Bg7 6. Be3 b6 7. f4 Nf6 8. h3
O-O 9. Nf3 Qc7 10. g4 b5 11. e5 Nd5 12. Nxd5 cxd5 13. d4 c4 14. Qd2 a5 15. c3
Rb8 16. f5 gxf5 17. Bh6 Rb6 18. Bxg7 Kxg7 19. Nh4 Rg8 20. gxf5 Kf8 21. Kf2 Qc6
22. e6 Qc7 23. Qh6+ Ke8 24. exf7+ Kxf7 25. Qxh7+ Kf8 26. Rag1 Qf4+ 27. Nf3 Rxg1
28. Rxg1 Ke8 29. Qg8+ Kd7 30. Qxd5+ Qd6 31. Qxd6+ Rxd6 32. Rg6 Rd5 33. Ne5+ Kc7
34. Rg7 Kd6 35. Rf7 b4 36. Nxc4+ Kc6 37. Ne5+ Kb6 38. Ke3 bxc3 39. bxc3 Rb5 40.
Rxe7 Bxf5 41. Nc4+ Kc6 42. Re5 Bxh3 43. Nxa5+ Kb6 44. Nc4+ Kc6 45. Rxb5 Kxb5
46. Nb2 Bf5 47. Kf4 Bb1 48. a4+ Kc6 49. Ke5 Ba2 50. c4 Bb3 51. Ke6 1-0

[Event "Liga Madrileña - DH 2017-2018"]
[Site "Madrid ESP"]
[Date "2018.03.04"]
[Round "12.41"]
[White "Valles Moreno, Ivan"]
[Black "Suarez Uriel, Adrian"]
[Result "1/2-1/2"]
[WhiteElo "2429"]
[BlackElo "2412"]
[PlyCount "112"]
[EventDate "2017.11.19"]
[EventType "team-tourn"]
[EventRounds "14"]
[EventCountry "ESP"]
[SourceTitle "Ajedrez en Madrid"]
[Source "lmi"]
[SourceDate "2017.11.19"]
[WhiteTeam "Liberty Chess"]
[BlackTeam "La Casa del Ajedrez"]
[WhiteTeamCountry "ESP"]
[BlackTeamCountry "ESP"]

1. e4 c5 2. Nf3 Nc6 3. Nc3 g6 4. d4 cxd4 5. Nxd4 Bg7 6. Be3 Nf6 7. Bc4 O-O 8.
Bb3 d6 9. f3 Bd7 10. h4 Na5 11. h5 Nxb3 12. axb3 Nxh5 13. g4 Nf6 14. Qd2 Re8
15. Bh6 Bh8 16. Bg5 e5 17. Nf5 gxf5 18. gxf5 Kf8 19. Nd5 Bg7 20. Rxh7 Nxh7 21.
Bxd8 Rexd8 22. Nc7 Rac8 23. Qxd6+ Kg8 24. O-O-O Bc6 25. Qxd8+ Rxd8 26. Rxd8+
Bf8 27. b4 a6 28. c4 Ba4 29. Nd5 Ng5 30. Rb8 Bb3 31. f6 Ne6 32. c5 Ba4 33. Rxb7
Bh6+ 34. Kb1 Nd4 35. b3 Bb5 36. Kb2 Bd2 37. Rb8+ Kh7 38. Rf8 Kg6 39. Rg8+ Kh6
40. Rg7 Be2 41. Rxf7 Bxf3 42. Rf8 Bxe4 43. Rh8+ Kg6 44. Rg8+ Kf7 45. Rg7+ Kf8
46. Nb6 Bf5 47. Nd7+ Bxd7 48. Rxd7 Bxb4 49. Rc7 Ne6 50. Rc8+ Kf7 51. c6 Bc5 52.
Ra8 Nc7 53. Rd8 Nb5 54. Ra8 Nc7 55. Rd8 Nb5 56. Ra8 Nc7 1/2-1/2